History of modern India / (Record no. 172326)

MARC details
000 -LEADER
fixed length control field 00624nam a22002057a 4500
005 - DATE AND TIME OF LATEST TRANSACTION
control field 20200131171441.0
010 ## - LCCN (DPL NO)
LC control number B-731183
020 ## - INTERNATIONAL STANDARD BOOK NUMBER
International Standard Book Number 9788125036845
Terms of availability 385.00
035 ## - SYSTEM CONTROL NUMBER
System control number B-731183
037 ## - SOURCE OF ACQUISITION
Source of stock number/acquisition DBAD/Pub
082 ## - DEWEY DECIMAL CLASSIFICATION NUMBER
Classification number 954.09
100 ## - MAIN ENTRY--PERSONAL NAME
Personal name Chandra, Bipan
245 ## - TITLE STATEMENT
Title History of modern India /
Statement of responsibility, etc by Bipan Chandra
260 ## - PUBLICATION, DISTRIBUTION, ETC. (IMPRINT)
Place of publication, distribution, etc New Delhi
Name of publisher, distributor, etc Orient Blackswan
Date of publication, distribution, etc 2016
270 ## - ADDRESS
Address 1824, Asaf Ali Road
City New Delhi
Postal code 110002
300 ## - PHYSICAL DESCRIPTION
Extent viii, 351p.
Dimensions 22cm (pbk)
500 ## - GENERAL NOTE
General note Includes index
942 ## - ADDED ENTRY ELEMENTS (KOHA)
Source of classification or shelving scheme Dewey Decimal Classification
Item type English Books
Call number suffix CHA
Classification part 954.09
Holdings
Withdrawn status Lost status Not for loan Collection code Home library Current library Date acquired Source of acquisition Cost, normal purchase price Full call number Barcode Copy number Cost, replacement price Koha item type
      Non-fiction Kadipur Kadipur 31/01/2020 Gift/ Eng./13.11.2019 385.00 954.09 CHA B-731183 1 385.00 English Books

© Delhi Public Library
Hit Counter
free hit counter